000 00318nam a22001217a 4500
008 190311b xxu||||| |||| 00| 0 eng d
041 _aeng
080 _a043.3
100 _a0
101 _aSHKI-MA
245 _aZhvillimi i sistemit për menaxhimin e dokumenteve brenda institucionit UBT
_cGashi,B
942 _2udc
_cBK
999 _c54682
_d54682